| 000 | 00954nam a22002415a 4500 | ||
|---|---|---|---|
| 999 |
_c27547 _d27518 |
||
| 003 | EG-ScBUE | ||
| 005 | 20190619102955.0 | ||
| 008 | 190619s2017 ua grb 000 0 ara d | ||
| 017 | _a2015 / 25637 | ||
| 040 |
_aEG-ScBUE _bara _cEG-ScBUE _dEG-ScBUE |
||
| 082 | 0 | 4 |
_a297.29 _bغ ل و _222 |
| 245 | 0 | 2 |
_aالغلو والتطرف / _cبقلم مجموعة من العلماء ؛ إشراف محيي الدين عفيفي أحمد. |
| 260 |
_aالقاهرة : _bالأزهر الشريف، مجمع البحوث الإسلامية، _c2017. |
||
| 300 |
_aمج. 2 (126 ص.) ؛ _c22 سم. |
||
| 490 | 0 |
_aسلسلة مجمع البحوث الإسلامية ؛ _v48 |
|
| 541 |
_aDr. Noha Gamal ; _cDonation ; |
||
| 650 | 7 |
_aالتطرف الديني. _2BUEsh |
|
| 650 | 7 |
_aالإسلام _xدفع مطاعن. _2BUEsh |
|
| 651 | _2BUEsh | ||
| 653 |
_bGGEN _cJune2019 |
||
| 700 | 1 |
_aأحمد، محيي الدين عفيفي، _eمشرف. |
|
| 942 | _2ddc | ||